| 000 | 00422nam a2200157 a 4500 | ||
|---|---|---|---|
| 005 | 20140310183204.0 | ||
| 008 | 030422s19uu xx 00 eng d | ||
| 050 |
_aPZ 7 _b.C17135 1989 |
||
| 100 | _aCannon, A.E. | ||
| 245 |
_aCal Cameron by Day, Spider-Man by Night / _cA.E. Cannon. |
||
| 260 |
_aNew York : _bDell Pub., _c1989. |
||
| 300 |
_a133 p. : _c18 cm. |
||
| 650 | _aFiction | ||
| 942 |
_cBK _2lcc |
||
| 999 |
_c19948 _d19948 |
||